[Event "EU-ch U10 28th"]
[Site "Riga"]
[Date "2018.08.20"]
[Round "1"]
[White "Milanovic, Marko"]
[Black "Malkhasyan, Narek"]
[Result "1-0"]
[WhiteElo "1845"]
[BlackElo "1418"]
[PlyCount "55"]
[EventDate "2018.08.20"]
[EventType "swiss"]
[EventRounds "9"]
[EventCountry "LAT"]
[SourceTitle "CBM 186 Extra"]
[Source "ChessBase"]
[SourceDate "2018.08.24"]
[SourceVersion "1"]
[SourceVersionDate "2018.08.24"]
[SourceQuality "1"]

1. e4 e5 2. Nf3 Nf6 3. Nxe5 d6 4. Nf3 Nxe4 5. Nc3 Nf6 6. d4 d5 7. Be2 Be7 8. 0-0 0-0 9. Re1 c6 10. h3 Re8 11. Bg5 Be6 12. Bd3 Nbd7 13. Qd2 Bd6 14. Ne5 c5 15. Nxd7 Bxd7 16. Nxd5 Kh8 17. Bxf6 Rxe1+ 18. Rxe1 gxf6 19. Qh6 Qg8 20. Nxf6 Qg7 21. Qxg7+ Kxg7 22. Nxd7 cxd4 23. Bf5 b6 24. a3 Kh6 25. Rd1 Kg5 26. g4 Re8 27. Kf1 Bf4 28. b4 1-0